Κατάλογος Βιβλιοθηκών Mediterranean College

Μαθαίνοντας για τα Δικαιώματα του Ανθρώπου / Για τον Ο.Η.Ε. (Record no. 9133)

MARC details
000 -LEADER
fixed length control field 01209cam a22001814a 4500
005 - ΗΜΕΡΟΜΗΝΙΑ ΚΑΙ ΩΡΑ ΤΕΛΕΥΤΑΙΑΣ ΕΝΗΜΕΡΩΣΗΣ
Πεδίο ελέγχου 20250605164354.0
008 - FIXED-LENGTH DATA ELEMENTS--GENERAL INFORMATION
Πεδίο ελέγχου σταθερού μήκους 250528s ||||||||||||||||||||||||d
035 ## - SYSTEM CONTROL NUMBER
System control number 24242
040 ## - ΠΗΓΗ ΚΑΤΑΛΟΓΟΓΡΑΦΗΣΗΣ
Φορέας πρωτότυπης καταλογογράφησης MC Athens Campus Library
Γλώσσα καταλογογράφησης Ελληνικά, Μοντέρνα (1453-)
Modifying agency MC Athens Campus Library
Κανόνες περιγραφικής καταλογογράφησης AACR2
245 1# - ΤΙΤΛΟΣ ΚΑΙ ΔΗΛΩΣΗ ΥΠΕΥΘΥΝΟΤΗΤΑΣ
Τίτλος Μαθαίνοντας για τα Δικαιώματα του Ανθρώπου / Για τον Ο.Η.Ε.
260 ## - PUBLICATION, DISTRIBUTION, ETC.
Name of publisher, distributor, etc. Ίδρυμα Μαραγκόπουλου Για Τα Δικαιώματα Του Ανθρώπου,
Date of publication, distribution, etc. 1992
300 ## - PHYSICAL DESCRIPTION
Extent 34
520 ## - SUMMARY, ETC.
Summary, etc. Εισαγωγή, Σημείωμα προς τον Εκπαιδευτικό, Παραδείγματα για την Αίθουσα Διδασκαλίας, Το Βίντεο: Σχετικά με τον ΟΗΕ: Δικαιώματα του Ανθρώπου, Το Ιδανικό του Αύριο: Εφαρμόζοντας τη Σύμβαση του ΟΗΕ για τα Δικαιώματα των Παιδιών, Δουλεύοντας για να Καλυτερεύσουμε τη Ζωή των Παιδιών, Πηγές του ΟΗΕ για τα Δικαιώματα του Ανθρώπου.
700 1# - ΠΡΟΣΘΕΤΗ ΑΝΑΓΡΑΦΗ--ΦΥΣΙΚΟ ΠΡΟΣΩΠΟ
Personal name Θεοδωρόπουλος Χρήστος
9 (RLIN) 9430
942 ## - ADDED ENTRY ELEMENTS (KOHA)
Koha item type Περιοδικά Δημοσιεύματα
Holdings
Τύπος τεκμηρίου Βιβλιοθήκη Τρέχουσα τοποθεσία Barcode Ημερομηνία απόκτησης Ταξιθετικό σύμβολο Αριθμός αντιτύπου Κατάσταση απόσυρσης Κατάσταση χαμένου Κατάσταση κατεστραμμένου Μη δανεισμός Σύνολο δανεισμών Ημερομηνία τελευταίας εμφάνισης Η τιμή ισχύει από
Περιοδικά Δημοσιεύματα MC Athens Campus Library MC Athens Campus Library 9780000091321 05/06/2025 U.N. HUMAN RIGHTS 1           05/06/2025 05/06/2025

MC Athens Campus Library
Πατησίων 94 & Κοδριγκτώνος 13, 104 34
Πελλήνης 8 & Πατησίων 107, 112 51
Τ: +30 210 8899600

MC Thessaloniki Campus Library
Ίωνος Δραγούμη 21, 54625 | Ίωνος Δραγούμη 15, 54625
Τ: +30 2310 287779 – Τ: +30 2314 440300